[Event "BAN-chT Golden Jubilee 2021-22"]
[Site "Dhaka"]
[Date "2022.03.20"]
[Round "11.10"]
[White "Aditya Mittal"]
[Black "Harsha Bharathakoti"]
[Result "1/2-1/2"]
[WhiteElo "2487"]
[BlackElo "2499"]
[Annotator "TA"]
[PlyCount "65"]
[EventDate "2022.03.10"]
[EventType "team-tourn"]
[EventCountry "BAN"]
[SourceTitle "playchess.com"]
[Source "ChessBase"]
[SourceQuality "1"]

{[%evp 20,65,0,0,20,7,12,-22,-11,-22,-23,-48,0,0,48,47,81,60,80,0,79,72,70,0,0,0,64,0,0,0,0,0,0,0,0,0,19,19,183,201,158,0,0,0,0,0,0,0]} 1. d4 Nf6 2. c4 e6 3. Nf3 d5 4. Nc3 c6 5. Bg5 {[%cal Bc1g5,Bg5h4,Bh4g3,Bg3e5][%mdl 32]} h6 6. Bh4 dxc4 7. e4 g5 8. Bg3 b5 9. Be2 Bb7 10. h4 g4 11. Ne5 Nbd7 {D43: Semi-Slav: 5 Bg5 h6.} 12. Nxd7 (12. Nxg4 b4 13. Nxf6+ Nxf6 $15) 12... Qxd7 13. Be5 Qe7 14. b3 Rg8 15. a3 Nd7 (15... cxb3 $1 $15 16. Qxb3 a6) 16. Bg3 $11 {[#]} e5 $146 (16... Rd8 $11 {might be stronger.}) ({Predecessor:} 16... cxb3 17. O-O b2 18. Ra2 a6 19. Rxb2 Qxa3 20. Qc2 e5 21. dxe5 Nc5 22. Rd1 Ne6 {1-0 (31) Hauff,A (2340)-Boehnke,H (2304) GER email 2017}) 17. d5 $14 Nb6 18. bxc4 bxc4 19. Bxg4 (19. O-O $1 $16) 19... cxd5 (19... Qf6 $11) 20. exd5 $16 Rd8 21. Rb1 (21. Bf3 e4 22. O-O Bxd5 23. Nxd5 Rxd5 $17) (21. O-O $1 $14) 21... Qxa3 $11 22. Bxe5 Bg7 ({Black should try} 22... Bxd5 $11 23. Nxd5 Rxd5 24. Qxd5 Bb4+ 25. Rxb4 Nxd5 26. Rb8+ Ke7 27. Rb7+ (27. Rxg8 Qd3 $17) 27... Kf8 28. Rb8+ Ke7 29. Rb7+ (29. Rxg8 Qd3 $17) 29... Kf8 30. Rb8+ Ke7) 23. Qe2 {White is more active.} (23. Bxg7 $14 Rxg7 24. Rh3) 23... Kf8 24. O-O $1 Bxe5 25. Qxe5 {Hoping for Bf3.} Re8 (25... Rxg4 $5 26. Qh8+ Ke7 27. Qe5+ Kf8 28. Qh8+ Rg8 29. Qxh6+ Rg7 $11) 26. Qf6 ({But not} 26. Be6 $2 Rxe6 $1 {[%mdl 512]} 27. Qb8+ (27. dxe6 $2 {loses.} Rxg2+ 28. Kh1 Rg5+ 29. Qe4 Bxe4+ $19) 27... Re8 28. Qxb7 Qxc3 $19) 26... Rxg4 27. Rfe1 {Prevents Re6.} Rxe1+ 28. Rxe1 {Chess con chili.} Nxd5 $2 (28... Nd7 $1 $11 29. Qh8+ Rg8 30. Qxh6+ Rg7) 29. Qxh6+ $18 Rg7 {[#] Strongly threatening ...Ne7.} 30. Nb5 $2 (30. Nxd5 $1 $16 {Nf6 would kill now.} Bxd5 31. Rb1 (31. Qh8+ Rg8 $16)) 30... Qb4 $11 {[%csl LRb5,LRe1] The position is equal.} 31. Qh8+ Rg8 32. Qh6+ Rg7 33. Qh8+ {Weighted Error Value: White=0.28 (precise) /Black=0.33} 1/2-1/2

[Event "BAN-chT Golden Jubilee 2021-22"]
[Site "Dhaka"]
[Date "2022.03.20"]
[Round "11.11"]
[White "Mendonca, Leon Luke"]
[Black "Pranav Vijay"]
[Result "1-0"]
[WhiteElo "2536"]
[BlackElo "2265"]
[Annotator "TA"]
[PlyCount "87"]
[EventDate "2022.03.10"]
[EventType "team-tourn"]
[EventCountry "BAN"]
[SourceTitle "playchess.com"]
[Source "ChessBase"]
[SourceQuality "1"]

{[%evp 21,86,36,32,26,34,29,29,31,33,27,70,68,68,70,89,77,86,83,94,77,77,77,75,59,67,67,71,73,74,72,78,63,60,53,115,110,111,99,81,69,102,105,181,165,247,242,461,457,528,405,600,588,607,604,595,564,538,527,529,506,1074,1047,2401,2040,29989,29990,29999]} 1. Nf3 Nf6 2. c4 e6 3. Nc3 Bb4 4. Qc2 O-O 5. a3 Bxc3 6. Qxc3 b6 7. e3 Bb7 8. Be2 d6 9. O-O Nbd7 10. b4 c5 11. Bb2 Qe7 12. d3 {A17: English Opening: 1...Nf6 with ...Bb4.} e5 13. Rfe1 Rfe8 14. Nd2 {White has an edge.} Rac8 {[#]} 15. Qb3 $146 ({Predecessor:} 15. b5 Nf8 16. Bf3 Ng6 17. Qb3 Nh4 18. Bxb7 Qxb7 19. e4 Qd7 20. Qd1 a6 21. a4 {1-0 (65) Vaisser,A (2475)-Rozentalis,E Sverdlovsk 1984}) 15... Nf8 (15... h6 $11 {is superior.}) 16. a4 $1 $14 {[%cal Ba3a4,Ba4a5,Ba5a6][%mdl 32]} Ng6 17. a5 Rc7 18. Bc3 Rd7 19. Bf1 d5 20. cxd5 Nxd5 21. bxc5 $1 bxc5 22. a6 Bc6 23. Rec1 Nc7 24. Bb2 Ne6 25. Ba3 Rc8 26. Rc3 Bd5 27. Qa4 h5 {Black is on the road to losing.} (27... Rdc7 $14) 28. Rac1 $16 Rdc7 29. Qd1 h4 30. Qg4 Qd6 31. h3 Qxa6 {[#]} (31... Rb8 $16 {keeps fighting.}) 32. d4 $1 $18 {[%cal Bd3d4,Bd4e5,Be5d6][%mdl 32]} Qa5 {[#]} (32... Qb6 $142) 33. dxe5 $1 c4 $2 (33... Rd8 {is a better defense.} 34. f4 Rcd7) 34. Bd6 Rc6 35. f4 {[%cal Bf2f4,Bf4f5][%mdl 32]} Nef8 (35... Ngxf4 $142 36. exf4 Qb6+ 37. Kh2 Qd4) 36. f5 Rxd6 37. exd6 Ne5 38. Qd4 Nfd7 39. Nxc4 Bxc4 40. Bxc4 Rd8 (40... Nxc4 $142 41. Rxc4 Rxc4 42. Qxc4 Qd2) 41. Bd5 Re8 42. Rc8 Rxc8 43. Rxc8+ Kh7 44. Qxh4# {Weighted Error Value: White=0.09 (flawless) /Black=0.52} 1-0

[Event "BAN-chT Golden Jubilee 2021-22"]
[Site "Dhaka"]
[Date "2022.03.20"]
[Round "11.12"]
[White "Chatterjee, Debaraj"]
[Black "Masum, Hossain"]
[Result "1-0"]
[WhiteElo "2196"]
[BlackElo "2003"]
[Annotator "ChessBase"]
[PlyCount "61"]
[EventDate "2022.03.10"]
[EventType "team-tourn"]
[EventCountry "BAN"]
[SourceTitle "playchess.com"]
[Source "ChessBase"]
[SourceQuality "1"]
[TimeControl "40/5400+30:1800+30"]

1. d4 {[%emt 0:02:12]} d5 {[%emt 0:00:26]} 2. c4 {[%emt 0:00:10]} c6 {[%emt 0:00:02]} 3. Nf3 {[%emt 0:00:24]} Nf6 {[%emt 0:00:04]} 4. e3 {[%emt 0:00:17]} e6 {[%emt 0:00:23]} 5. Nbd2 {[%emt 0:00:44]} Nbd7 {[%emt 0:00:10]} 6. Bd3 {[%emt 0:00:38]} dxc4 {[%emt 0:00:05]} 7. Nxc4 {[%emt 0:00:43]} a6 {[%emt 0:02:46]} 8. a4 {[%emt 0:06:58]} b5 {[%emt 0:00:22]} 9. axb5 {[%emt 0:00:54]} cxb5 {[%emt 0:00:02]} 10. Na5 {[%emt 0:00:40]} Qb6 {[%emt 0:15:33]} 11. O-O {[%emt 0:04:42]} Be7 {[%emt 0:00:12]} 12. Bd2 {[%emt 0:24:50]} O-O {[%emt 0:01:08]} 13. e4 {[%emt 0:00:22]} Bb7 {[%emt 0:07:03]} 14. Qe2 {[%emt 0:03:13]} Rac8 {[%emt 0:03:24]} 15. Nxb7 {[%emt 0:00:18]} Qxb7 {[%emt 0:00:03]} 16. h4 {[%emt 0:06:06]} Rfd8 {[%emt 0:06:35]} 17. g3 {[%emt 0:06:34]} Nb8 {[%emt 0:05:53]} 18. e5 {[%emt 0:09:37]} Nd5 {[%emt 0:21:37]} 19. Qe4 {[%emt 0:00:26]} g6 {[%emt 0:00:08]} 20. h5 {[%emt 0:00:56]} Nc6 {[%emt 0:17:16]} 21. hxg6 {[%emt 0:00:08]} hxg6 {[%emt 0:00:02]} 22. Qg4 {[%emt 0:00:40]} Kg7 {[%emt 0:01:41]} 23. Be4 {[%emt 0:01:20]} Qb6 {[%emt 0:01:45]} 24. Kg2 {[%emt 0:02:24]} b4 {[%emt 0:03:40]} 25. Rh1 {[%emt 0:03:30]} Rh8 {[%emt 0:05:43]} 26. Bg5 {[%emt 0:00:50]} Bxg5 {[%emt 0:04:53]} 27. Qxg5 {[%emt 0:00:18]} Nce7 {[%emt 0:00:07]} 28. Rac1 {[%emt 0:03:42]} Rxc1 {[%emt 0:00:51]} 29. Rxh8 {[%emt 0:02:59]} Kxh8 {[%emt 0:01:51]} 30. Qh6+ {[%emt 0:00:19]} Kg8 {[%emt 0:01:01]} 31. Ng5 {[%emt 0:00:12]} 1-0

[Event "BAN-chT Golden Jubilee 2021-22"]
[Site "Dhaka"]
[Date "2022.03.20"]
[Round "11.13"]
[White "Rahman, Syed Mahfuzur"]
[Black "Mohammed Abdul, Malek"]
[Result "0-1"]
[WhiteElo "2099"]
[BlackElo "2148"]
[Annotator "TA"]
[PlyCount "82"]
[EventDate "2022.03.10"]
[EventType "team-tourn"]
[EventCountry "BAN"]
[SourceTitle "playchess.com"]
[Source "ChessBase"]
[SourceQuality "1"]

{[%evp 20,82,0,0,7,0,2,8,11,0,0,7,0,0,0,-16,-37,-48,28,-29,58,0,0,-126,-83,-118,-129,-338,-327,-306,-287,-276,-137,-297,-296,-323,-255,-272,-282,-422,-422,-1101,-989,-1068,-503,-492,-495,-481,-482,-459,-384,-531,-531,-536,-522,-944,-553,-698,-673,-927,-864,-1166,-1150,-1062,-982]} 1. d4 d5 2. c4 e6 3. Nc3 Nf6 4. Nf3 dxc4 5. e3 c5 6. Bxc4 Be7 7. O-O O-O 8. Qe2 a6 9. a4 Nc6 10. Rd1 Qc7 11. h3 {11.dxc5 is the modern continuation.} Nb4 {D27: Queen's Gambit Accepted: Classical main line: 7 e4!? and 7 a4.} 12. e4 cxd4 13. Nxd4 Nd7 {[#] The position is equal.} 14. Bxe6 $146 ({Predecessor:} 14. Be3 Ne5 15. Bb3 Ng6 16. Rac1 Qa5 17. Nf3 Nc6 18. Nd2 Rd8 19. Nc4 Qb4 20. Ba2 Rxd1+ 21. Rxd1 {0-1 (70) Pisulinski,J (2350)-Kowalczyk,R (2155) Hucisko 2016}) 14... fxe6 15. Nxe6 Qb6 16. Nxf8 Nxf8 17. Nd5 Nxd5 18. exd5 Bc5 (18... Bd6 $15) 19. b4 ({White should play} 19. Be3) 19... Bd4 {[#]} (19... Qxb4 20. Ba3 Qa5 21. Bxc5 Qxc5 22. Rab1 $11) (19... Bxb4 $11 20. Bd2 Bxd2 21. Qxd2 Bd7) 20. Ra3 (20. a5 $1 $14 Qf6 21. Ra3) 20... Bd7 $11 21. d6 (21. Bb2 $11 {keeps the balance.} Bxb2 22. Qxb2) 21... Qxb4 $17 22. Rg3 {[%cal Od1d4]} Re8 (22... Bxa4 $2 23. Rxd4 $1 {[%mdl 512]} Qb1 24. Rxa4 $18) 23. Qf3 (23. Qa2+ $17 {was the only chance.} Kh8 24. Rxd4 Qxd4 25. Bb2 Qd1+ 26. Kh2) 23... Re1+ $19 ({Resist} 23... Bxa4 24. Qd5+ Ne6 25. d7 $1 {[%mdl 512]} Bxd7 26. Qxd7 $18) (23... Qxd6 24. Bb2 $1 (24. Ba3 $2 Qe5 $19) 24... Ne6 25. Qb3 $16) (23... Qxa4 24. Qd5+ Ne6 25. Rgd3 $17) 24. Kh2 {Strongly threatening Bd2.} Rxd1 {Really sharp! Active counter play!} (24... Bxa4 $2 25. Qd5+ Re6 26. Rxd4 $18) 25. Qxd1 Qxd6 ({But not} 25... Bxa4 $2 26. Qe2 $19) (25... Qxa4 $19 {and Black stays clearly on top.} 26. Qxa4 Bxa4) 26. Ba3 $2 {This move loses the game for White.} (26. Bb2 $17 Ne6 27. Kh1) 26... Qf4 27. Kh1 Ne6 (27... Bxf2 $2 28. Rf3 Qxf3 29. Qxf3 $18) 28. Rf3 Qe4 29. Qb3 (29. Bb2 {was worth a try.} Bc6 30. Bxd4 Nxd4 31. Rg3) 29... h6 ({Weaker is} 29... Qe1+ 30. Kh2 Bf6 31. Qxb7 Qe5+ 32. Kg1 $17) 30. Rf8+ (30. Bb4 $142) 30... Kh7 {...Bc6 is the strong threat.} 31. Rf3 Bc6 (31... Qe1+ $142 32. Kh2 Be5+ 33. g3 {[#]} Bc6 $1 34. Qd3+ Be4) 32. Qd3 Qxd3 33. Rxd3 Bxf2 34. Rd2 Ba7 35. Bd6 Bxa4 {Black is clearly winning.} 36. Kh2 Bc6 37. Kg3 g5 38. Re2 Nd4 39. Re5 Kg6 {White must now prevent ...Nf5+.} 40. Kh2 Nb5 41. g3 Kf6 {Weighted Error Value: White=0.98/Black=0.52} 0-1

[Event "BAN-chT Golden Jubilee 2021-22"]
[Site "Dhaka"]
[Date "2022.03.20"]
[Round "11.14"]
[White "Mohammad Nubairshah Shaikh"]
[Black "Panesar Vedant"]
[Result "1-0"]
[WhiteElo "2436"]
[BlackElo "2379"]
[Annotator "TA"]
[PlyCount "73"]
[EventDate "2022.03.10"]
[EventType "team-tourn"]
[EventCountry "BAN"]
[SourceTitle "playchess.com"]
[Source "ChessBase"]
[SourceQuality "1"]

{[%evp 10,73,22,33,28,32,62,65,74,64,74,77,75,71,70,66,67,37,43,38,36,24,91,90,151,143,215,222,271,269,260,252,295,309,433,464,469,461,457,440,434,398,372,223,577,573,551,387,383,383,339,292,300,289,983,978,956,956,926,884,904,862,29992,29993,29993,29994]} 1. Nf3 Nf6 2. c4 g6 3. b3 Bg7 4. Bb2 c5 5. g3 Nc6 6. Bg2 d6 {A30: Symmetrical English: Double Fianchetto and Hedgehog.} 7. d4 {[%cal Bd2d4,Bd4d5][%mdl 32]} Qa5+ 8. Bc3 Qc7 {White is slightly better.} 9. d5 $1 {[#]} Nb8 $146 ({Predecessor:} 9... Ne5 10. Nxe5 dxe5 11. Nd2 O-O 12. O-O Ne8 13. Qc2 Nd6 14. Qb2 f6 15. Rac1 a5 {½-½ (25) Schramm,C (2350)-Chevelevitch,E (2375) Germany 2003}) 10. O-O O-O 11. Re1 e5 12. dxe6 fxe6 13. Na3 {Nb5 is the strong threat.} a6 {Prevents Nb5.} 14. Qd3 Nc6 15. Rad1 Rd8 (15... d5 $1 $11) 16. Ng5 $16 {Black is now going downhill.} d5 (16... Qe7 $142) 17. cxd5 {White is more active.} exd5 (17... Nxd5 $16 {might work better.} 18. Bxg7 (18. Bxd5 $2 Rxd5 19. Qe3 Bxc3 $19) 18... Kxg7) 18. e4 $1 $18 {[%cal Re4d5]} Nb4 19. Bxb4 cxb4 {[#]} 20. Nc4 {[%mdl 512]} Bh6 {[#]} (20... Bg4 21. exd5) 21. h4 {[%cal Bh2h4,Bh4g5][%mdl 32]} Bxg5 (21... d4 $142 22. e5 Bf5) 22. hxg5 Nxe4 23. Bxe4 Be6 {[#]} 24. Bxg6 $1 dxc4 25. Qe4 Bh3 {[#]} 26. Bh5 (26. Bxh7+ $142 $1 {[%mdl 512]} Qxh7 27. g6) 26... c3 $2 (26... Rxd1 27. Rxd1 (27. Bxd1 Qc6 $16) 27... Rf8) 27. Kh2 Rxd1 28. Rxd1 c2 29. Rc1 {Chess con chili.} Bd7 30. Qd5+ ({Don't take} 30. Rxc2 Qd6 31. Bf7+ Kg7 32. Qxb7 Rf8) ({Weaker is} 30. Qxc2 Qxc2 31. Rxc2 Rc8 $16) 30... Kh8 31. Qf7 {Inhibits Rf8.} Rg8 $2 (31... Qc6 $2 32. g6 hxg6 33. Bxg6 Qxg6 34. Qxg6 $18) (31... Qd8 32. Rxc2 Bc6) 32. g6 hxg6 33. Bxg6 Rxg6 34. Qxg6 Bc6 35. Rxc2 {Threatening mate with Rc4.} Qb6 36. Qf6+ Kg8 37. Rc4 {Weighted Error Value: White=0.13 (very precise) /Black=0.63} 1-0

[Event "BAN-chT Golden Jubilee 2021-22"]
[Site "Dhaka"]
[Date "2022.03.20"]
[Round "11.15"]
[White "Harshad S"]
[Black "Himanshu, Sharma"]
[Result "1-0"]
[WhiteElo "2328"]
[BlackElo "2391"]
[Annotator "ChessBase"]
[PlyCount "103"]
[EventDate "2022.03.10"]
[EventType "team-tourn"]
[EventCountry "BAN"]
[SourceTitle "playchess.com"]
[Source "ChessBase"]
[SourceQuality "1"]
[TimeControl "40/5400+30:1800+30"]

1. e4 {[%emt 0:00:03]} c5 {[%emt 0:02:18]} 2. Nf3 {[%emt 0:00:48]} Nc6 {[%emt 0:00:20]} 3. d4 {[%emt 0:01:16]} cxd4 {[%emt 0:00:05]} 4. Nxd4 {[%emt 0:00:12]} Nf6 {[%emt 0:00:18]} 5. Nc3 {[%emt 0:00:23]} d6 {[%emt 0:00:38]} 6. Bg5 {[%emt 0:01:59]} e6 {[%emt 0:02:08]} 7. Bb5 {[%emt 0:00:58]} Bd7 {[%emt 0:01:28]} 8. Qd3 {[%emt 0:01:24]} h6 {[%emt 0:06:16]} 9. Bh4 {[%emt 0:02:09]} Ne5 {[%emt 0:04:48]} 10. Qh3 {[%emt 0:02:22]} Bxb5 {[%emt 0:03:49]} 11. Ndxb5 {[%emt 0:03:49]} a6 {[%emt 0:02:44]} 12. Nd4 {[%emt 0:00:39]} Be7 {[%emt 0:01:29]} 13. f4 {[%emt 0:04:14]} Nc6 {[%emt 0:12:12]} 14. O-O-O {[%emt 0:08:02]} O-O {[%emt 0:13:34]} 15. Kb1 {[%emt 0:13:11]} Ne8 {[%emt 0:10:21]} 16. Bf2 {[%emt 0:02:07]} Nxd4 {[%emt 0:03:00]} 17. Bxd4 {[%emt 0:01:00]} b5 {[%emt 0:00:15]} 18. g4 {[%emt 0:03:36]} b4 {[%emt 0:01:06]} 19. Na4 {[%emt 0:00:43]} e5 {[%emt 0:01:15]} 20. fxe5 {[%emt 0:01:30]} dxe5 {[%emt 0:00:15]} 21. Bc5 {[%emt 0:09:10]} Qc7 {[%emt 0:00:15]} 22. Bxe7 {[%emt 0:00:30]} Qxe7 {[%emt 0:00:05]} 23. Nb6 {[%emt 0:00:04]} Rb8 {[%emt 0:03:17]} 24. Nd7 {[%emt 0:00:32]} Nd6 {[%emt 0:02:54]} 25. Nxf8 {[%emt 0:00:48]} Nxe4 {[%emt 0:04:33]} 26. Qd3 {[%emt 0:03:25]} Qb7 {[%emt 0:09:04]} 27. Nd7 {[%emt 0:11:24]} Nc3+ {[%emt 0:01:21]} 28. Ka1 {[%emt 0:03:11]} Nxd1 {[%emt 0:00:20]} 29. Qxd1 {[%emt 0:01:24]} Re8 {[%emt 0:00:49]} 30. Nc5 {[%emt 0:02:29]} Qc6 {[%emt 0:00:12]} 31. Nb3 {[%emt 0:00:31]} g6 {[%emt 0:04:05]} 32. Kb1 {[%emt 0:02:29]} e4 {[%emt 0:00:22]} 33. Re1 {[%emt 0:00:20]} e3 {[%emt 0:04:18]} 34. Qe2 {[%emt 0:02:49]} Kg7 {[%emt 0:00:49]} 35. Na5 {[%emt 0:00:39]} Qc7 {[%emt 0:01:32]} 36. Nc4 {[%emt 0:00:26]} Re4 {[%emt 0:00:43]} 37. b3 {[%emt 0:01:22]} a5 {[%emt 0:00:23]} 38. h3 {[%emt 0:01:49]} Qg3 {[%emt 0:00:24]} 39. Nxe3 {[%emt 0:03:07]} Qxh3 {[%emt 0:00:53]} 40. Qf2 {[%emt 0:00:00]} h5 {[%emt 0:00:00]} 41. gxh5 {[%emt 0:02:31]} Qxh5 {[%emt 0:03:54]} 42. Rf1 {[%emt 0:03:45]} f5 {[%emt 0:01:45]} 43. Nxf5+ {[%emt 0:01:09]} gxf5 {[%emt 0:00:35]} 44. Qxf5 {[%emt 0:00:15]} Qxf5 {[%emt 0:07:31]} 45. Rxf5 {[%emt 0:00:02]} a4 {[%emt 0:00:59]} 46. bxa4 {[%emt 0:00:12]} Re3 {[%emt 0:00:05]} 47. Rf4 {[%emt 0:00:23]} Ra3 {[%emt 0:01:07]} 48. Rxb4 {[%emt 0:00:03]} Kf6 {[%emt 0:00:09]} 49. Kb2 {[%emt 0:00:12]} Re3 {[%emt 0:00:03]} 50. Rd4 {[%emt 0:00:12]} Ke5 {[%emt 0:00:10]} 51. Rd8 {[%emt 0:00:12]} Rh3 {[%emt 0:00:25]} 52. c3 {[%emt 0:40:40]} 1-0

[Event "BAN-chT Golden Jubilee 2021-22"]
[Site "Dhaka"]
[Date "2022.03.20"]
[Round "11.16"]
[White "Saiful Islam, Chowdhury"]
[Black "Mihir Lal, Das"]
[Result "1-0"]
[WhiteElo "2075"]
[BlackElo "2006"]
[Annotator "TA"]
[PlyCount "51"]
[EventDate "2022.03.10"]
[EventType "team-tourn"]
[EventCountry "BAN"]
[SourceTitle "playchess.com"]
[Source "ChessBase"]
[SourceQuality "1"]

{[%evp 11,51,16,32,29,91,72,118,22,19,13,10,13,24,8,23,46,17,0,0,0,0,0,226,0,2,2,233,247,831,254,236,0,0,-48,-33,-47,0,-153,788,776,947,781]} 1. e4 c5 2. Nf3 d6 3. d4 cxd4 4. Nxd4 Nf6 5. Nc3 a6 6. Be2 Qc7 7. g4 {[#] B92: Sicilian Najdorf: 6 Be2.} Nc6 $146 (7... h6 $11) ({Predecessor:} 7... h6 8. f4 b5 9. a3 Bb7 10. Qd3 Nbd7 11. Bf3 e5 12. Nb3 Nc5 13. Nxc5 dxc5 14. g5 hxg5 15. fxg5 {0-1 (29) Littlewood,R (1600)-Sofia,G (1936) LSS email 2019}) 8. g5 $16 {White is more active.} Nxd4 (8... Nd7 $142) 9. gxf6 (9. Qxd4 $16 e5 10. Qd3) 9... Nxe2 $11 10. Nd5 Qc6 11. fxe7 Nxc1 12. exf8=Q+ Rxf8 13. Qxc1 {Black must now prevent Qg5.} Be6 14. Qd2 Bxd5 15. exd5 Qc4 16. O-O-O Qxa2 $2 (16... Rc8 $11 {and Black has nothing to worry.}) 17. Qb4 $2 (17. Rhe1+ $18 Kd7 18. Qb4) 17... O-O-O 18. Rhg1 {aiming for Rg3.} Rfe8 $2 {[#]} (18... Rd7 $11 {and Black is okay.}) 19. Rg3 $1 $18 {[%mdl 1024] White has strong compensation.} ({Worse is} 19. Rxg7 Rd7 $11) 19... Qa1+ 20. Kd2 Qa2 {[#]} 21. Rb3 $2 $40 {[%mdl 128] White attacks. The board is on fire.} (21. c4 $1 $18 Re4 22. Rc1 Rd4+ 23. Ke3) 21... Rd7 22. c4 (22. Rc1 $11 {should be considered.} Rc7 23. c4) 22... Re4 $15 23. Rc1 $1 {Threatens to win with Ra3.} Rc7 (23... Rde7 $15 24. Qb6 Qa4) 24. Kd3 $2 (24. Ra3 $11 Rd4+ 25. Ke3 Rdxc4 26. Qxd6 Qxb2 27. Qf8+ Kd7 28. Qxf7+ Kd8 29. Qf8+ Kd7 30. Qf7+ Kd8 31. Qf8+ Kd7 32. Qf7+) 24... f5 $2 (24... Rf4 $17 25. Ra3 Rf3+ 26. Kd4 Rxa3 27. Qxa3 Qxa3 28. bxa3 b5) 25. Ra3 $18 Rexc4 26. Qxc4 {Weighted Error Value: White=0.50/Black=0.65} (26. Rxa2 $2 {too greedy.} Rxb4 27. Rc3 Rh4 $19) 1-0

[Event "BAN-chT Golden Jubilee 2021-22"]
[Site "Dhaka"]
[Date "2022.03.20"]
[Round "11.17"]
[White "abzid, Rahman"]
[Black "Manon, Reja Neer"]
[Result "1/2-1/2"]
[WhiteElo "2106"]
[BlackElo "2209"]
[Annotator "TA"]
[PlyCount "26"]
[EventDate "2022.03.10"]
[EventType "team-tourn"]
[EventCountry "BAN"]
[SourceTitle "playchess.com"]
[Source "ChessBase"]
[SourceQuality "1"]

{[%evp 15,26,7,16,3,23,0,43,0,34,0,29,0,26]} 1. d4 Nf6 2. Nf3 d5 3. e3 e6 4. Bd3 Be7 5. O-O O-O 6. b3 b6 7. Bb2 Bb7 8. Nbd2 Nbd7 9. Qe2 {D05: Colle System with ...e6.} Re8 {[#]} 10. Rfe1 $146 ({Predecessor:} 10. c4 c5 11. Ne5 Bf8 12. Ndf3 cxd4 13. exd4 dxc4 14. bxc4 Nxe5 15. dxe5 Nd7 16. Rfd1 Qc7 17. Bxh7+ Kh8 18. Ng5 Be7 19. Nxf7+ Kxh7 20. Qh5+ Kg8 21. Rd3 Be4 22. Rf3 Bh7 23. Nd6 Rf8 24. Rh3 Bxd6 25. exd6 {1-0 (25) Kudr,R (1909)-Voriskova,A (1563) Hradec Kralove 2018}) 10... Rf8 (10... a5 $11) 11. Rf1 Re8 12. Rfe1 Rf8 13. Rf1 Re8 {An uneventful encounter.  Weighted Error Value: White=0.28 (precise) /Black=0.11 (very precise)} 1/2-1/2

[Event "BAN-chT Golden Jubilee 2021-22"]
[Site "Dhaka"]
[Date "2022.03.20"]
[Round "11.19"]
[White "Aronyak Ghosh"]
[Black "Nitish Belurkar"]
[Result "1/2-1/2"]
[WhiteElo "2482"]
[BlackElo "2447"]
[Annotator "TA"]
[PlyCount "31"]
[EventDate "2022.03.10"]
[EventType "team-tourn"]
[EventCountry "BAN"]
[SourceTitle "playchess.com"]
[Source "ChessBase"]
[SourceQuality "1"]

{[%evp 30,31,5,0]} 1. d4 Nf6 2. Nf3 e6 3. c4 d5 4. g3 Be7 5. Bg2 O-O 6. O-O dxc4 7. Qc2 a6 8. Qxc4 b5 9. Qc2 Bb7 10. Bd2 Be4 11. Qc1 Bb7 {[#]} 12. Qc2 $146 ({Predecessor:} 12. Bf4 Nd5 13. Nc3 Nxf4 14. Qxf4 Nd7 15. Rfd1 Bd6 16. Ne5 Bxg2 17. Kxg2 f6 18. Nc6 Qe8 19. Qf3 f5 20. b4 e5 21. dxe5 Nxe5 22. Nxe5 Bxe5 {½-½ (42) Dubov,D (2720)-Esipenko,A (2714) Wijk aan Zee 2022}) 12... Be4 13. Qc1 Bb7 14. Qc2 Be4 15. Qc1 Bb7 16. Qc2 1/2-1/2

[Event "BAN-chT Golden Jubilee 2021-22"]
[Site "Dhaka"]
[Date "2022.03.20"]
[Round "11.20"]
[White "Ikramul, Haq Siam"]
[Black "Asif, Mahmud"]
[Result "1/2-1/2"]
[WhiteElo "2075"]
[BlackElo "1928"]
[Annotator "TA"]
[PlyCount "20"]
[EventDate "2022.03.10"]
[EventType "team-tourn"]
[EventCountry "BAN"]
[SourceTitle "playchess.com"]
[Source "ChessBase"]
[SourceQuality "1"]

{[%evp 9,20,5,12,0,0,0,0,0,0,0,0,0,0]} 1. d4 Nf6 2. Bf4 c5 3. e3 Qb6 4. Nc3 Qxb2 5. Nb5 Nd5 {The position is equal.} 6. Rb1 {A45: Trompowsky Attack.} Qxa2 {[#]} 7. Ra1 $146 ({Predecessor:} 7. Nf3 a6 8. Ra1 Qb2 9. Be5 Qb4+ 10. Nd2 Nc6 11. c3 Nxc3 12. Nc7+ Kd8 13. Qb3 Qxb3 14. Nxb3 Ra7 15. Bf4 e5 16. dxe5 Kxc7 17. Bc4 {0-1 (30) Van Foreest,J (2624)-Demchenko,A (2675) Chess.com INT 2018}) 7... Qb2 8. Rb1 Qa2 9. Ra1 Qb2 10. Rb1 Qa2 {An even fight not without its subleties.  Weighted Error Value: White=0.02 (flawless) /Black=0.00 (flawless)} 1/2-1/2